LEADER 00965nam a2200229 i 4500 001 000000234080 003 CaOOAMICUS 005 20141006000000.0 008 141006s1979 it u000 u ita u 013 $a212983 040 $aSeMil$bita 100 1 $aArgentieri, Mino.$0(OLS)http://semarc/name/80297 245 12$aL'occhio del regime :$binformazione e propaganda nel cinema del fascismo /$cMino Argentieri. 260 $aFirenze :$bVallecchi,$ccopyr. 1979. 300 $a202 p. ;$c21 cm. 490 0 $aIl pellicano. Cinema 650 4$aFascismo - Cinema.$0(OLS)http://semarc/subject/26684 830 3$aIl pellicano. Cinema.$0(OLS)http://semarc/title/17433 850 $aSeMil 852 $aSeMil$W1$xVenegono$y1$m3M II 95$j184426$B184426$CSeMilBibl$Z2$F195410 $81 996 $6245$aL'occhio del regime :$binformazione e propaganda nel cinema del fascismo$9(OLS)http://semarc/title/334164 996 $6260$aFirenze :$bVallecchi$9(OLS)http://semarc/publisher/29768 LEADER 00956nam a2200229 i 4500 001 000000200895 003 CaOOAMICUS 005 20240207100137.0 008 110415s189u it u000 u ita u 040 $aSeMil$bita 245 13$aIl cardinale Luigi Rotelli e l'abate Antonio Stoppani. 260 $a[S.l. :$bs.n.,$c189?] 300 $aP. [166]-179 ;$c24 cm. 500 $aEstratto da ĞLa rassegna nazionaleğ, vol. 63. 600 14$aStoppani, Antonio <1824-1891>.$0(OLS)http://semarc/subject/44954 600 14$aRotelli, Luigi .$0(OLS)http://semarc/subject/37727 773 0 $t[Miscellanea politica.$w()24768 850 $aSeMil 852 $aSeMil$W1$xVenegono$y1$m5A II 24/3 FA$j151424$B151424$CSeMilBibl$Z2$F162647 $8I 996 $6245$aIl cardinale Luigi Rotelli e l'abate Antonio Stoppani$9(OLS)http://semarc/title/290616 996 $6260$a[S.l. :$bs.n.$9(OLS)http://semarc/publisher/31686